[Event "HUN-chT Youth 2019"]
[Site "Budapest"]
[Date "2019.10.29"]
[Round "6.31"]
[White "Tubak, Daniel"]
[Black "Palczert, Botond"]
[Result "1-0"]
[WhiteElo "2219"]
[BlackElo "2039"]
[Annotator "TA"]
[PlyCount "63"]
[EventDate "2019.10.26"]
[EventType "team-tourn"]
[EventCountry "HUN"]
[SourceTitle "playchess.com"]
[Source "ChessBase"]
[SourceQuality "1"]

{[%evp 12,63,47,0,0,-27,-20,-41,0,-12,12,0,0,-23,-20,-32,-28,-20,-18,-70,-77,-80,-80,-74,31,34,39,43,89,83,104,93,96,103,97,94,91,89,91,64,99,101,102,92,107,102,100,123,287,287,902,912,1327,1222]} 1. e4 c5 2. Nf3 d6 3. d4 cxd4 4. Nxd4 Nf6 5. Nc3 a6 6. Bg5 Nbd7 7. f4 e5 {B94: Sicilian Najdorf: 6 Bg5 Nbd7} (7... Qc7 8. Qf3 g6 9. O-O-O Bg7 10. Be2 h6 11. Bh4 Nb6 12. h3 Bd7 13. Rhe1 Bc6 14. Nxc6 bxc6 15. Bxf6 exf6 {½-½ (69) Sjugirov,S (2661)-Artemiev,V (2754) Sochi 2019}) 8. Nb3 Be7 9. Qf3 Qc7 {Black is slightly better.} 10. O-O-O h6 11. Bxf6 Nxf6 12. f5 b5 13. a3 $146 {[%cal Ba2a3,Ba3a4][%mdl 32]} ({Predecessor:} 13. Nd5 Nxd5 14. Rxd5 {0-1 (29) Kutzner,S (2036)-Matt,F (2251) Goch 2012}) 13... Bb7 14. g4 Rc8 15. Bd3 (15. Qe2 $11) 15... Qb6 $15 16. Nd5 Bxd5 17. exd5 b4 (17... a5 $17 18. Kb1 a4) 18. a4 $1 $14 Nd7 19. Qe2 a5 20. Bb5 Bg5+ 21. Kb1 Kd8 22. h4 Bf4 23. Bc6 Nc5 24. Nxc5 Qxc5 25. Qd3 Ke7 {[#]} 26. f6+ $1 {[%mdl 512]} gxf6 (26... Kxf6 27. Qf5+) 27. Qf5 $36 {[%mdl 2048] White is in control.} Rxc6 28. dxc6 Qxc6 29. Rhf1 {Black must now prevent Rde1.} Rc8 $2 {[#]} (29... d5 $16) 30. Rde1 $18 Kf8 $2 (30... Kd8 31. Qxf6+ Kc7 32. Qxf7+ Kb8) 31. Rxf4 exf4 32. Qh7 {Accuracy: White = 72%, Black = 45%.} 1-0

[Event "HUN-chT Youth 2019"]
[Site "Budapest"]
[Date "2019.10.29"]
[Round "6.32"]
[White "Kozsik, Bende Barnabas"]
[Black "Kelemen, David"]
[Result "*"]
[WhiteElo "1943"]
[BlackElo "2166"]
[Annotator "TA"]
[PlyCount "36"]
[EventDate "2019.10.26"]
[EventType "team-tourn"]
[EventCountry "HUN"]
[SourceTitle "playchess.com"]
[Source "ChessBase"]
[SourceQuality "1"]

{[%evp 17,18,34,56]} 1. Nf3 Nf6 2. g3 g6 3. Bg2 Bg7 4. O-O O-O 5. c4 d6 6. Nc3 c5 7. d4 Na6 8. b3 Bd7 9. Bb2 Rb8 {Predecessor:} 10. Qd2 $146 Qc8 11. Rac1 Qc6 12. dxc5 dxc5 13. Ne4 Bg4 14. Ne5 Rbe8 15. Rfd1 h6 16. Nf3 Qe6 17. a3 g5 18. Qc2 Rd8 {1-0 (18) Benkovic,P (2405)-Heimrath,R (2232) Karlsruhe 2019} *

[Event "HUN-chT Youth 2019"]
[Site "Budapest"]
[Date "2019.10.29"]
[Round "6.32"]
[White "Kozsik, Bende Barnabas"]
[Black "Kelemen, David"]
[Result "1-0"]
[WhiteElo "1943"]
[BlackElo "2166"]
[Annotator "TA"]
[PlyCount "81"]
[EventDate "2019.10.26"]
[EventType "team-tourn"]
[EventCountry "HUN"]
[SourceTitle "playchess.com"]
[Source "ChessBase"]
[SourceQuality "1"]

{[%evp 17,80,32,51,35,37,23,36,15,71,15,14,13,17,14,26,18,25,27,31,21,11,27,25,37,54,54,119,82,65,71,179,16,16,-104,-86,-95,0,0,0,0,0,-137,-117,-156,0,0,0,-170,0,-156,0,0,125,116,270,61,2351,1901,6095,2653,29997,29998,29998,29999,29999]} 1. Nf3 Nf6 2. g3 g6 3. Bg2 Bg7 4. O-O O-O 5. c4 d6 6. Nc3 c5 7. d4 Na6 8. b3 Bd7 9. Bb2 Rb8 10. d5 {E65: King's Indian: Fianchetto: 6...c5 7 0-0 without d5 by White} (10. Qd2 Qc8 11. Rac1 Qc6 12. dxc5 dxc5 13. Ne4 Bg4 14. Ne5 Rbe8 15. Rfd1 h6 16. Nf3 Qe6 17. a3 g5 18. Qc2 Rd8 {1-0 (18) Benkovic,P (2405)-Heimrath,R (2232) Karlsruhe 2019}) 10... Nc7 11. a4 $146 ({Predecessor:} 11. Qc2 b5 12. Ne4 bxc4 13. Qxc4 Ncxd5 14. Nxf6+ Nxf6 15. Ng5 a5 16. Rfd1 a4 17. e4 h6 {0-1 (28) Mukose,E (1892)-Mande,A Kampala 2017}) 11... a6 12. Qc2 {White is slightly better.} Bf5 (12... b5 $11) 13. Qc1 (13. e4 $1 $16 {[%cal Re4f5]} Bd7 14. a5) 13... b5 $11 14. Nd2 Qc8 15. e4 Bh3 16. Qc2 h5 17. axb5 axb5 18. Ra7 Bxg2 19. Kxg2 bxc4 20. bxc4 Ng4 21. h3 Nh6 (21... Nf6 $14) 22. f4 f5 23. Re1 e5 (23... fxe4 $16 24. Ba1 (24. Ndxe4 Nf5 $11) 24... Nf5) 24. Nb5 $2 (24. fxe5 $18 Bxe5 25. Nf3) 24... Nxb5 25. Rxg7+ (25. cxb5 $11 Rxb5 26. Bc3) 25... Kxg7 $17 26. cxb5 {Nc4 is the strong threat.} Kh7 ({Black should play} 26... Nf7 $17 27. Nc4 Kh7 28. fxe5 dxe5) 27. fxe5 $11 dxe5 28. Bxe5 Rxb5 29. Nc4 (29. Bc3 $11) 29... Nf7 $17 ({Don't play} 29... fxe4 $6 30. Nd6 $11) 30. Ba1 {[#] With the idea Rf1.} Qd8 $2 (30... Qd7 $1 $17 31. h4 fxe4 32. Qxe4 Rb7) 31. Qc3 $11 {[%csl Ga1][%cal Rc3g7]} Rg8 32. Kh2 $2 (32. Qd3 $1 $11 fxe4 33. Rxe4) 32... Ng5 $2 (32... h4 $19 {Hoping for ...Nd6.} 33. Ne5 Nh6) 33. Nd2 $2 ({White must play} 33. exf5 $11 Qxd5 34. fxg6+ Kh6 35. Ne3 (35. Qc1 $2 Rb1 $19)) 33... Rb7 $2 ({Black should try} 33... Qe7 $17 {[%cal Rg5e4]} 34. e5 {[#]} c4 $1 {[%mdl 512]}) 34. h4 $1 $36 {[%mdl 2048] And now exf5 would win. White fights for an advantage.} Nxe4 (34... Nf7 $1 $11 {keeps the balance.}) 35. Rxe4 $16 {Threatens to win with Re5.} fxe4 $2 (35... Qxd5 $16 36. Re2 Rf8) 36. Nxe4 $18 {Strongly threatening Ng5+.} Rf8 $2 {[%mdl 8192]} (36... Qa8 $14) 37. Ng5+ Kh6 38. Qd2 {White threatens Nf7+! and mate.} Qe8 {[#]} 39. Nf7+ $1 {[%mdl 576] Discovered Attack (Double check). White mates.} Kh7 40. Qh6+ Kg8 41. Qg7# {Accuracy: White = 42%, Black = 29%.} 1-0

[Event "HUN-chT Youth 2019"]
[Site "Budapest"]
[Date "2019.10.29"]
[Round "6.33"]
[White "Koszta, Benedek"]
[Black "Kelemen, Szabolcs"]
[Result "1/2-1/2"]
[WhiteElo "2043"]
[BlackElo "1960"]
[Annotator "NA RC"]
[PlyCount "67"]
[EventDate "2019.10.26"]
[EventType "team-tourn"]
[EventCountry "HUN"]
[SourceTitle "playchess.com"]
[Source "ChessBase"]
[SourceQuality "1"]
[TimeControl "5400+30"]

1. e4 {[%emt 0:00:00]} c5 {[%emt 0:00:00]} 2. Nf3 {[%emt 0:00:00]} Nc6 {[%emt 0:00:00]} 3. Bb5 {[%emt 0:00:00]} g6 {[%emt 0:00:00]} 4. O-O {[%emt 0:00:01]} Bg7 {[%emt 0:00:00]} 5. Re1 {[%emt 0:00:12]} Nf6 {[%emt 0:00:09]} 6. Nc3 {[%emt 0:00:50]} a6 {[%emt 0:01:57] B31: Sicilian: 2...Nc6 3 Bb5 g6} (6... O-O 7. e5 Ne8 8. Bxc6 bxc6 9. d4 cxd4 10. Qxd4 Nc7 11. Qh4 f6 12. Bh6 g5 13. Qh5 Qe8 14. Qxe8 Rxe8 15. Bxg7 Kxg7 16. Ne4 Rb8 17. exf6+ exf6 18. Nd6 Re6 {1-0 (33) Sevian,S (2666)-Nihal,S (2598) chess.com INT 2019}) 7. Bxc6 {[%emt 0:03:13]} dxc6 {[%emt 0:00:13]} 8. e5 {[%emt 0:01:48]} Nd5 {[%emt 0:00:12]} 9. Ne4 {[%emt 0:01:23]} b6 {[%emt 0:01:58]} 10. h3 {[%emt 0:06:30]} O-O {[%emt 0:01:13]} 11. d3 {[%emt 0:01:12]} a5 {[%emt 0:04:32]} 12. a3 {[%emt 0:06:12]} Ba6 $146 {[%emt 0:05:48]} ({Predecessor:} 12... Nc7 13. Be3 {1-0 (51) Uifelean,A (2243)-Popescu,B ICCF email 2011}) 13. Qe2 {[%emt 0:03:40]} Nc7 {[%emt 0:05:51]} 14. Be3 {[%emt 0:03:43]} h6 {[%emt 0:04:04]} 15. b4 {[%emt 0:03:07]} axb4 {[%emt 0:04:34]} 16. axb4 {[%emt 0:00:51]} cxb4 {[%emt 0:00:50]} 17. Bxb6 {[%emt 0:00:38]} Qb8 {[%emt 0:00:52]} 18. Bxc7 {[%emt 0:01:44]} Qxc7 {[%emt 0:00:22]} 19. Nc5 {[%emt 0:01:03]} Bb5 {[%emt 0:03:33]} 20. Qe4 {[%emt 0:04:02]} Ra5 {[%emt 0:06:32]} 21. Qxb4 {[%emt 0:08:23]} Rfa8 {[%emt 0:01:17]} 22. Rxa5 {[%emt 0:03:40]} Rxa5 {[%emt 0:05:15]} 23. c4 {[%emt 0:02:21]} Ba6 {[%emt 0:00:16]} 24. Rb1 {[%emt 0:03:53]} Bc8 {[%emt 0:08:08]} 25. d4 {[%emt 0:02:18]} Bf5 {[%emt 0:02:18]} (25... Ra7 $142 26. Qb8 Kh7) 26. Qb8+ {[%emt 0:00:47]} Qxb8 {[%emt 0:00:03]} 27. Rxb8+ {[%emt 0:00:05]} Kh7 {[%emt 0:00:05]} 28. Rb6 {[%emt 0:09:43]} Ra1+ {[%emt 0:00:15]} 29. Kh2 {[%emt 0:00:09]} Rc1 {[%emt 0:00:12]} 30. Rxc6 $2 {[%emt 0:02:39]} (30. g4 $18 Bb1 31. Nb3) 30... Rxc4 {[%emt 0:00:19]} 31. Rc7 {[%emt 0:01:25]} Rxd4 $1 {[%emt 0:00:45]} 32. Rxe7 {[%emt 0:02:52]} (32. g4 $1 $14 Bb1 33. Rxe7) 32... Rd5 $1 {[%emt 0:01:37]} 33. Nb7 {[%emt 0:07:46]} Be6 {[%emt 0:01:54]} 34. Nd6 $11 {[%emt 0:02:44]} 1/2-1/2

[Event "HUN-chT Youth 2019"]
[Site "Budapest"]
[Date "2019.10.29"]
[Round "6.34"]
[White "Tancz, Janos"]
[Black "Megyaszai, Balazs"]
[Result "0-1"]
[WhiteElo "1486"]
[BlackElo "1894"]
[Annotator "NA RC"]
[PlyCount "68"]
[EventDate "2019.10.26"]
[EventType "team-tourn"]
[EventCountry "HUN"]
[SourceTitle "playchess.com"]
[Source "ChessBase"]
[SourceQuality "1"]
[TimeControl "5400+30"]

1. e4 {[%emt 0:00:00]} c5 {[%emt 0:00:00]} 2. Nf3 {[%emt 0:00:00]} d6 {[%emt 0:00:07]} 3. d4 {[%emt 0:00:14]} cxd4 {[%emt 0:00:36]} 4. Nxd4 {[%emt 0:00:07]} Nf6 {[%emt 0:00:45]} 5. Nc3 {[%emt 0:00:42]} a6 {[%emt 0:01:11]} 6. Be2 {[%emt 0:01:33]} e6 {[%emt 0:01:10]} 7. Bg5 {[%emt 0:01:12]} Be7 {[%emt 0:01:03]} 8. Qd2 {[%emt 0:01:44]} b5 {[%emt 0:05:56]} 9. a3 {[%emt 0:00:45]} Bb7 {[%emt 0:03:16]} 10. f3 {[%emt 0:02:02] B95: Sicilian Najdorf: 6 Bg5 e6, unusual White 7th moves} O-O {[%emt 0:05:49]} (10... Nbd7 11. O-O O-O 12. Rad1 Rc8 13. Nb3 Qc7 14. Kh1 Rfd8 15. Qe1 h6 16. Bc1 Nf8 17. Bd3 e5 {0-1 (34) Khin,T (2541)-Zhu,C (2487) Yangon 1999}) 11. O-O-O {[%emt 0:01:07]} d5 $146 {[%emt 0:08:25]} ({Predecessor:} 11... Nbd7 12. h4 Rc8 13. g4 Nb6 14. Bxf6 Bxf6 15. g5 Bxd4 16. Qxd4 Nc4 17. Bxc4 Rxc4 18. Qxd6 {0-1 (48) Farago,S (2323)-Tian,T (2355) Budapest 2001}) 12. exd5 {[%emt 0:01:38]} Nxd5 {[%emt 0:00:59]} 13. Bxe7 {[%emt 0:00:10]} Qxe7 {[%emt 0:01:02]} 14. Nxd5 {[%emt 0:00:42]} Bxd5 {[%emt 0:00:52]} 15. Rhe1 {[%emt 0:01:38]} Nd7 {[%emt 0:04:24]} 16. Nf5 {[%emt 0:01:04]} Qf6 {[%emt 0:02:13]} 17. Ne3 {[%emt 0:01:17]} Nb6 {[%emt 0:03:53]} 18. Ng4 {[%emt 0:02:52]} Qd8 {[%emt 0:04:20]} 19. Bd3 {[%emt 0:00:32]} Rc8 {[%emt 0:04:05]} 20. Ne3 {[%emt 0:04:50]} Qc7 {[%emt 0:04:33]} 21. Ng4 {[%emt 0:01:06]} Bc4 {[%emt 0:02:42]} 22. Bxc4 {[%emt 0:01:38]} Nxc4 {[%emt 0:03:10]} 23. Qd7 {[%emt 0:00:21]} Qf4+ {[%emt 0:02:27]} 24. Kb1 {[%emt 0:02:25]} Qb8 {[%emt 0:03:25]} 25. Qd4 {[%emt 0:01:57]} Rfd8 {[%emt 0:06:11]} 26. Qf2 {[%emt 0:00:46] [#]} b4 $1 {[%emt 0:02:54]} 27. Qh4 $2 {[%emt 0:03:13] [#]} (27. Ne3 Nxa3+ 28. Ka1) 27... Nxa3+ $1 {[%emt 0:04:14]} 28. Ka2 {[%emt 0:00:45]} Nxc2 {[%emt 0:02:19]} 29. Nf6+ $19 {[%emt 0:01:19]} gxf6 {[%emt 0:03:49]} 30. Qxf6 {[%emt 0:00:28]} Nxe1 {[%emt 0:02:10]} 31. Qg5+ {[%emt 0:00:35]} Kf8 {[%emt 0:00:27]} 32. Qh6+ {[%emt 0:00:44]} Ke8 {[%emt 0:00:39]} 33. Rxd8+ {[%emt 0:00:14]} Rxd8 {[%emt 0:00:18]} 34. Qg7 {[%emt 0:00:11]} b3+ {[%emt 0:00:12]} 0-1

[Event "HUN-chT Youth 2019"]
[Site "Budapest"]
[Date "2019.10.29"]
[Round "6.35"]
[White "Kocsmar, Akos"]
[Black "Palczert, Hajnalka"]
[Result "1-0"]
[WhiteElo "1916"]
[BlackElo "1531"]
[Annotator "NA RC"]
[PlyCount "85"]
[EventDate "2019.10.26"]
[EventType "team-tourn"]
[EventCountry "HUN"]
[SourceTitle "playchess.com"]
[Source "ChessBase"]
[SourceQuality "1"]
[TimeControl "5400+30"]

1. d4 {[%emt 0:00:00]} Nf6 {[%emt 0:00:00]} 2. c4 {[%emt 0:00:00]} g6 {[%emt 0:00:06]} 3. Nc3 {[%emt 0:00:08]} d5 {[%emt 0:00:25]} 4. Nf3 {[%emt 0:00:14]} Bg7 {[%emt 0:02:01]} 5. Qb3 {[%emt 0:00:27]} c6 {[%emt 0:02:05]} 6. e3 {[%emt 0:00:32]} O-O {[%emt 0:01:41]} 7. Be2 {[%emt 0:00:37]} e6 {[%emt 0:04:00]} 8. O-O {[%emt 0:07:04] D95: Grünfeld: 4 Nf3 Bg7 5 e3 0-0 6 Qb3} b6 {[%emt 0:02:17]} (8... Nbd7 9. Rd1 a6 10. a4 a5 11. Qc2 Re8 12. b3 b6 13. cxd5 exd5 14. Ba3 Bb7 15. Rac1 Bh6 {½-½ (50) Zubov,A (2597)-Kamsky,G (2666) St Petersburg 2018}) 9. Qc2 {[%emt 0:02:43]} Bb7 {[%emt 0:02:58]} 10. b3 {[%emt 0:00:30]} Nbd7 {[%emt 0:02:26]} 11. Bb2 {[%emt 0:00:39]} c5 $146 {[%emt 0:00:46]} ({Predecessor:} 11... Rc8 12. Rfd1 Qc7 13. Rac1 Qb8 14. h3 Rfd8 {½-½ (14) Lerstad,B (1902)-Vink,W (1954) Rogaska Slatina 2012}) 12. Rac1 {[%emt 0:00:55]} cxd4 {[%emt 0:04:17]} 13. exd4 {[%emt 0:00:30]} Rc8 {[%emt 0:02:27]} 14. Ba3 {[%emt 0:02:10]} Re8 {[%emt 0:04:00]} 15. Nb5 {[%emt 0:00:14]} Bf8 {[%emt 0:03:05]} 16. Bxf8 {[%emt 0:00:44]} Rxf8 {[%emt 0:02:03]} 17. Nxa7 {[%emt 0:00:13]} Ra8 {[%emt 0:03:03]} 18. Nb5 {[%emt 0:00:09]} Ne4 {[%emt 0:02:18]} 19. Nd2 {[%emt 0:04:14]} Ndf6 {[%emt 0:04:27]} 20. Nxe4 {[%emt 0:01:40]} Nxe4 {[%emt 0:00:35]} 21. f3 {[%emt 0:00:07]} Nd6 {[%emt 0:05:00]} 22. Nxd6 {[%emt 0:01:46]} Qxd6 {[%emt 0:00:10]} 23. c5 {[%emt 0:00:00]} Qc6 {[%emt 0:01:24]} 24. a4 {[%emt 0:01:33]} Rfc8 {[%emt 0:02:09]} 25. Bb5 {[%emt 0:01:50]} Qc7 {[%emt 0:00:49]} 26. c6 {[%emt 0:00:20]} Ba6 {[%emt 0:00:34]} 27. Qd3 {[%emt 0:00:20]} Bxb5 {[%emt 0:01:13]} 28. axb5 {[%emt 0:00:06]} Ra5 {[%emt 0:01:47]} 29. Ra1 {[%emt 0:00:27]} Rca8 {[%emt 0:00:14]} 30. Rxa5 {[%emt 0:00:23]} Rxa5 {[%emt 0:01:23]} 31. b4 {[%emt 0:00:06]} Ra4 {[%emt 0:00:14]} 32. Qb3 {[%emt 0:00:06]} Ra7 {[%emt 0:00:43]} 33. Qb2 {[%emt 0:00:29]} Qf4 {[%emt 0:00:45]} 34. Ra1 {[%emt 0:02:21]} Rc7 {[%emt 0:01:09]} 35. Qc3 {[%emt 0:00:31]} Kf8 {[%emt 0:00:34]} 36. Ra6 {[%emt 0:01:23]} Qd6 {[%emt 0:01:33]} 37. Rxb6 {[%emt 0:00:14]} Qd8 {[%emt 0:01:14]} 38. Qc5+ {[%emt 0:00:26]} Ke8 {[%emt 0:00:34]} 39. Rb7 {[%emt 0:00:33]} Qc8 {[%emt 0:03:08]} 40. Rxc7 {[%emt 0:00:10]} Qxc7 {[%emt 0:00:06]} 41. b6 {[%emt 0:00:03]} Qf4 {[%emt 0:00:37]} 42. Qc3 {[%emt 0:00:03]} Kd8 {[%emt 0:00:41]} 43. c7+ {[%emt 0:00:06]} 1-0

[Event "HUN-chT Youth 2019"]
[Site "Budapest"]
[Date "2019.10.29"]
[Round "6.36"]
[White "Kreiter, Lilla"]
[Black "Szamko, Hanna"]
[Result "0-1"]
[WhiteElo "1280"]
[BlackElo "1402"]
[Annotator "NA RC"]
[PlyCount "140"]
[EventDate "2019.10.26"]
[EventType "team-tourn"]
[EventCountry "HUN"]
[SourceTitle "playchess.com"]
[Source "ChessBase"]
[SourceQuality "1"]
[TimeControl "5400+30"]

1. e4 {[%emt 0:00:00]} e5 {[%emt 0:00:00]} 2. Nc3 {[%emt 0:00:48]} Nc6 {[%emt 0:00:26]} 3. Bc4 {[%emt 0:00:30]} Bc5 {[%emt 0:00:54]} 4. Qg4 {[%emt 0:01:22]} g6 {[%emt 0:00:50]} 5. Nd5 {[%emt 0:06:24]} d6 {[%emt 0:07:35]} 6. Qd1 {[%emt 0:02:58]} Nf6 {[%emt 0:00:50]} 7. d3 {[%emt 0:02:10]} Nxd5 {[%emt 0:06:17]} 8. Bxd5 {[%emt 0:01:00]} Qe7 {[%emt 0:05:44]} 9. Be3 {[%emt 0:05:38]} Bb6 {[%emt 0:01:25]} 10. Ne2 {[%emt 0:01:53]} Be6 {[%emt 0:02:39]} 11. Bxb6 {[%emt 0:01:59]} axb6 {[%emt 0:00:51]} 12. Nc3 {[%emt 0:00:58]} O-O {[%emt 0:01:52]} 13. Qd2 {[%emt 0:01:45]} Rab8 {[%emt 0:05:25]} 14. O-O-O {[%emt 0:05:53]} Nb4 {[%emt 0:04:35]} 15. Kb1 {[%emt 0:01:19]} Bxd5 {[%emt 0:01:16]} 16. Nxd5 {[%emt 0:00:28]} Nxd5 {[%emt 0:00:30]} 17. exd5 {[%emt 0:00:11]} Ra8 {[%emt 0:00:32]} 18. h4 {[%emt 0:01:06]} c6 {[%emt 0:01:29]} 19. h5 {[%emt 0:01:44]} cxd5 {[%emt 0:01:22]} 20. hxg6 {[%emt 0:00:46]} fxg6 {[%emt 0:00:08]} 21. f3 {[%emt 0:00:37]} d4 {[%emt 0:01:50]} 22. Qb4 {[%emt 0:00:57]} Ra6 {[%emt 0:00:48]} 23. Qc4+ {[%emt 0:00:31]} Qf7 {[%emt 0:00:15]} 24. Qxf7+ {[%emt 0:00:28]} Rxf7 {[%emt 0:00:04]} 25. Rde1 {[%emt 0:01:04]} Ra8 {[%emt 0:00:53]} 26. Rhf1 {[%emt 0:00:50]} Raf8 {[%emt 0:00:07]} 27. Re4 {[%emt 0:00:20]} g5 {[%emt 0:01:02]} 28. c3 {[%emt 0:00:41]} dxc3 {[%emt 0:01:41]} 29. bxc3 {[%emt 0:00:14]} Rf4 {[%emt 0:00:13]} 30. Rd1 {[%emt 0:01:54]} R8f6 {[%emt 0:05:36]} 31. Kc2 {[%emt 0:00:43]} Kf7 {[%emt 0:06:22]} 32. Rb1 {[%emt 0:00:28]} Rxe4 {[%emt 0:01:55]} 33. dxe4 {[%emt 0:00:14]} d5 {[%emt 0:00:29]} 34. exd5 {[%emt 0:00:17]} Rd6 {[%emt 0:00:06]} 35. c4 {[%emt 0:00:27]} Kf6 {[%emt 0:00:45]} 36. Rh1 {[%emt 0:01:07]} Kg6 {[%emt 0:00:14]} 37. g4 {[%emt 0:00:41]} h6 {[%emt 0:03:10]} 38. Kd3 {[%emt 0:00:15]} b5 {[%emt 0:01:48]} 39. Rb1 {[%emt 0:00:49]} bxc4+ {[%emt 0:00:40]} 40. Kxc4 {[%emt 0:00:14]} b6 {[%emt 0:00:15]} 41. Rb5 {[%emt 0:03:34]} Rf6 {[%emt 0:04:47]} 42. Rb3 {[%emt 0:01:01]} Rd6 {[%emt 0:01:33]} 43. Rb5 {[%emt 0:01:04]} Rf6 {[%emt 0:00:10]} 44. Rb3 {[%emt 0:05:55]} Rd6 {[%emt 0:00:08]} 45. a4 {[%emt 0:01:03]} h5 {[%emt 0:00:49]} 46. Rd3 {[%emt 0:01:19]} h4 {[%emt 0:00:25]} 47. Kb5 {[%emt 0:00:33]} Kf6 {[%emt 0:00:21]} 48. Ka6 {[%emt 0:01:01]} Ke7 {[%emt 0:00:42]} 49. Kb7 {[%emt 0:00:31]} Kd7 {[%emt 0:01:07]} 50. Rc3 {[%emt 0:01:46]} Rxd5 {[%emt 0:01:08]} 51. Kxb6 {[%emt 0:00:30]} Ke6 {[%emt 0:00:26]} 52. a5 {[%emt 0:00:28]} Rd2 {[%emt 0:03:35]} 53. a6 {[%emt 0:00:40]} Rb2+ {[%emt 0:00:09]} 54. Kc6 {[%emt 0:00:34]} Ra2 {[%emt 0:00:53]} 55. Kb5 {[%emt 0:00:11]} Rb2+ {[%emt 0:00:15]} 56. Ka4 {[%emt 0:01:42]} Rb8 {[%emt 0:00:20]} 57. Ka5 {[%emt 0:01:35]} Kd5 {[%emt 0:01:56]} 58. a7 {[%emt 0:00:44]} Ra8 {[%emt 0:00:12]} 59. Ka6 {[%emt 0:00:10]} Kd4 {[%emt 0:00:15]} 60. Rc1 {[%emt 0:00:36]} Ke3 {[%emt 0:00:12]} 61. Kb7 {[%emt 0:00:24]} Rxa7+ {[%emt 0:01:12]} 62. Kxa7 {[%emt 0:00:14]} Kxf3 {[%emt 0:00:04]} 63. Re1 {[%emt 0:00:42]} e4 {[%emt 0:00:08]} 64. Rf1+ {[%emt 0:03:37]} Kxg4 {[%emt 0:00:27]} 65. Kb6 {[%emt 0:01:39]} e3 {[%emt 0:00:27]} 66. Kc5 {[%emt 0:01:47]} e2 {[%emt 0:00:15]} 67. Re1 {[%emt 0:00:50]} Kf3 {[%emt 0:00:04]} 68. Kd5 {[%emt 0:00:08]} Kf2 {[%emt 0:00:36]} 69. Rxe2+ {[%emt 0:00:06]} Kxe2 {[%emt 0:00:10]} 70. Ke4 {[%emt 0:00:03]} Kf2 0-1

[Event "HUN-chT Youth 2019"]
[Site "Budapest"]
[Date "2019.10.29"]
[Round "7.1"]
[White "Papp, Levente"]
[Black "Bohus, Adam"]
[Result "1/2-1/2"]
[WhiteElo "2317"]
[BlackElo "2229"]
[Annotator "TA"]
[PlyCount "54"]
[EventDate "2019.10.26"]
[EventType "team-tourn"]
[EventCountry "HUN"]
[SourceTitle "playchess.com"]
[Source "ChessBase"]
[SourceQuality "1"]

{[%evp 9,54,0,0,-2,-6,-7,8,0,27,20,30,10,39,50,43,53,33,22,30,19,39,0,35,14,22,22,16,-85,-84,-153,-138,-139,-136,-137,-150,-101,-120,-165,-85,-104,-70,-182,-172,-185,-62,-249,-235]} 1. b3 d5 2. Bb2 Nf6 3. Nf3 Bf5 4. e3 e6 5. Nh4 (5. Be2 h6 6. O-O Bd6 7. c4 O-O 8. Nc3 c6 9. d3 Qe7 10. a3 Nbd7 11. b4 Rad8 12. Qb3 a6 13. Rad1 Rfe8 14. Rfe1 {1-0 (58) Vachier Lagrave,M (2796)-So,W (2812) Leuven 2017}) 5... Bg4 6. Be2 {A06: Réti Opening:1 Nf3 d5} Bxe2 7. Qxe2 Nbd7 8. d3 {The position is equal.} c5 $146 ({Predecessor:} 8... Be7 9. Nd2 O-O 10. O-O a5 11. a4 c6 12. Nhf3 b5 {0-1 (64) Ramnathan,B (2164)-Himanshu,S (2493) Sonipat 2017}) 9. Nd2 Qc7 10. c4 Bd6 11. cxd5 exd5 12. Nf5 O-O 13. Nxd6 (13. Rc1 {looks sharper.} Rfc8 14. g4 Bf8 15. O-O Qa5 16. Rc2) 13... Qxd6 14. O-O Rfe8 15. Rac1 Rac8 16. a4 Qa6 17. Rfd1 h6 18. Qf3 (18. h3 $11 {remains equal.}) 18... Qxd3 $17 19. Nc4 ({White should try} 19. Qf4) 19... Qxb3 20. Bxf6 Nxf6 21. Nd6 Qxa4 22. Ra1 {[#]} Qc6 $1 {[%cal Rc6d6]} 23. Nxe8 Rxe8 (23... Qxe8 $19 24. Rxa7 b5) 24. Rxa7 c4 25. Qe2 ({White should play} 25. Rb1 $15) 25... b5 {[%cal Bb7b5,Bb5b4][%mdl 32]} 26. Qb2 Qb6 (26... c3 $19 27. Qb3 Qc4) 27. Rda1 $2 {[#]} ({White has to play} 27. Ra4 $1 $15) 27... b4 {Accuracy: White = 26%, Black = 33%.} 1/2-1/2

[Event "HUN-chT Youth 2019"]
[Site "Budapest"]
[Date "2019.10.29"]
[Round "7.1"]
[White "Turcsanyi, Vince Gergo"]
[Black "Konyves, Almos"]
[Result "1-0"]
[WhiteElo "1810"]
[BlackElo "2006"]
[Annotator "NA"]
[PlyCount "43"]
[EventDate "2019.10.26"]
[EventType "team-tourn"]
[EventCountry "HUN"]
[SourceTitle "playchess.com"]
[Source "ChessBase"]
[SourceQuality "1"]
[TimeControl "5400+30"]

1. e4 {[%emt 0:00:00]} c5 {[%emt 0:00:00]} 2. Nc3 {[%emt 0:00:00]} Nc6 {[%emt 0:00:22]} 3. f4 {[%emt 0:00:00]} g6 {[%emt 0:00:17]} 4. Nf3 {[%emt 0:00:02]} Bg7 {[%emt 0:00:10]} 5. Bc4 {[%emt 0:00:10]} e6 {[%emt 0:00:20]} 6. d3 {[%emt 0:00:06]} Nge7 {[%emt 0:00:13]} 7. O-O {[%emt 0:00:13]} d6 {[%emt 0:00:28]} 8. Qe1 {[%emt 0:01:19]} a6 {[%emt 0:00:37]} 9. a4 {[%emt 0:00:43]} O-O {[%emt 0:01:14]} 10. f5 {[%emt 0:05:13] B23: Closed Sicilian: Lines without g3} d5 {[%emt 0:03:59]} 11. Bb3 {[%emt 0:06:21]} d4 {[%emt 0:07:11]} (11... dxe4 $11 {remains equal.} 12. dxe4 exf5) 12. Ne2 {[%emt 0:03:41]} exf5 {[%emt 0:01:15]} 13. Qh4 {[%emt 0:00:33]} h5 $146 {[%emt 0:04:19]} ({Predecessor:} 13... Na5 14. Ba2 c4 15. b4 cxb3 16. cxb3 fxe4 17. Ng5 h6 18. Nxf7 Rxf7 {½-½ (31) Bennett,H (2134)-Dowden,R (2190) Dunedin 2007}) 14. Ng3 {[%emt 0:03:50]} Ne5 {[%emt 0:10:35]} 15. Bg5 {[%emt 0:07:24]} Re8 {[%emt 0:04:51]} 16. exf5 {[%emt 0:04:34]} gxf5 {[%emt 0:07:05]} 17. Nxe5 {[%emt 0:10:13]} Bxe5 {[%emt 0:00:09]} 18. Qxh5 {[%emt 0:02:05]} Be6 {[%emt 0:10:33] [#]} 19. Nxf5 $18 {[%emt 0:01:22] Pin} Bxb3 {[%emt 0:01:46]} 20. Nh6+ {[%emt 0:13:33]} Kg7 {[%emt 0:00:46]} 21. cxb3 {[%emt 0:05:03]} f6 {[%emt 0:03:36]} 22. Rxf6 {[%emt 0:01:29]} 1-0